[Event "IECC CL7-2002.18"]
[Site "IECC email"]
[Date "2002.07.29"]
[Round "?"]
[White "Gumminger, Fred"]
[Black "Copin, Jean Christophe"]
[Result "1-0"]
[WhiteElo "1065"]
[BlackElo "1133"]
[PlyCount "79"]
[EventDate "2002.??.??"]
[EventType "tourn (corr)"]
[EventRounds "4"]
[SourceTitle "Corr 2008"]
[Source "ChessBase"]
[SourceDate "2008.06.24"]
[SourceVersion "1"]
[SourceVersionDate "2008.06.24"]
[SourceQuality "1"]

1. e4 e6 2. d3 d5 3. Nd2 Nf6 4. exd5 exd5 5. g3 Bc5 6. Ngf3 0-0 7. Bg2 Re8+ 8. Kf1 Nc6 9. c3 d4 10. Ng5 Ng4 11. Nde4 b6 12. Nxf7 Kxf7 13. Ng5+ Kg8 14. Bxc6 Nxf2 15. Qb3+ Be6 16. Nxe6 Qf6 17. Nf4+ Kh8 18. Bxa8 Rxa8 19. Kxf2 dxc3+ 20. Be3 Bxe3+ 21. Kxe3 Re8+ 22. Kf3 cxb2 23. Rhe1 Rxe1 24. Rxe1 g5 25. Re6 Qf7 26. Qxb2+ Kg8 27. Qf6 gxf4 28. Qg5+ Kh8 29. Rf6 Qe7 30. Qxf4 Kg7 31. Qh6+ Kg8 32. h4 Qa3 33. Qg5+ Kh8 34. Qf5 Kg8 35. Rh6 Qxa2 36. Qxh7+ Kf8 37. Rf6+ Ke8 38. Rc6 b5 39. Rxc7 Qd5+ 40. Qe4+ 1-0

[Event "IECC CL7-2002.18"]
[Site "IECC email"]
[Date "2002.07.29"]
[Round "?"]
[White "Gumminger, Fred"]
[Black "Sevestre, Frederic"]
[Result "0-1"]
[WhiteElo "1069"]
[BlackElo "1214"]
[PlyCount "52"]
[EventDate "2002.??.??"]
[EventType "tourn (corr)"]
[EventRounds "4"]
[SourceTitle "Corr 2008"]
[Source "ChessBase"]
[SourceDate "2008.06.24"]
[SourceVersion "1"]
[SourceVersionDate "2008.06.24"]
[SourceQuality "1"]

1. e4 c6 2. d3 d5 3. Nd2 g6 4. g3 Bg7 5. Ngf3 e5 6. Bg2 Ne7 7. 0-0 0-0 8. Re1 d4 9. Nf1 c5 10. Bg5 Be6 11. Qd2 f6 12. Bh6 Qd6 13. h3 Nbc6 14. N1h2 Bxh6 15. Qxh6 Nb4 16. Ng4 Bxg4 17. hxg4 Nxc2 18. g5 Rf7 19. Rec1 Nxa1 20. gxf6 Qxf6 21. Rxc5 Raf8 22. Rxe5 Qd6 23. Qg5 Nc2 24. Qg4 Ne1 25. Nxe1 Qxe5 26. f4 Qb5 0-1

[Event "IECC KO email"]
[Site "IECC email"]
[Date "2002.02.15"]
[Round "?"]
[White "Viatge, Fabrice"]
[Black "Gumminger, Fred"]
[Result "1-0"]
[WhiteElo "1260"]
[BlackElo "1032"]
[PlyCount "31"]
[EventDate "2002.??.??"]
[EventType "tourn (corr)"]
[EventRounds "6"]
[SourceTitle "Corr 2008"]
[Source "ChessBase"]
[SourceDate "2008.06.24"]
[SourceVersion "1"]
[SourceVersionDate "2008.06.24"]
[SourceQuality "1"]

1. d4 d5 2. c4 Nf6 3. Nc3 e6 4. cxd5 exd5 5. Bg5 Bb4 6. Nf3 Nbd7 7. e3 0-0 8. Bd3 c5 9. 0-0 Qc7 10. Nb5 Qb6 11. dxc5 Bxc5 12. a4 a6 13. a5 Qc6 14. Nfd4 Bxd4 15. Nxd4 Ne4 16. Nxc6 1-0

[Event "IECC CL8-2002.01"]
[Site "IECC email"]
[Date "2002.01.28"]
[Round "?"]
[White "Rust, Robert"]
[Black "Gumminger, Fred"]
[Result "1-0"]
[WhiteElo "1079"]
[BlackElo "1033"]
[PlyCount "55"]
[EventDate "2002.??.??"]
[EventType "tourn (corr)"]
[EventRounds "4"]
[SourceTitle "Corr 2008"]
[Source "ChessBase"]
[SourceDate "2008.06.24"]
[SourceVersion "1"]
[SourceVersionDate "2008.06.24"]
[SourceQuality "1"]

1. d4 Nf6 2. c4 g6 3. Nf3 Bg7 4. g3 d5 5. cxd5 Nxd5 6. e4 Nf6 7. Nc3 Bg4 8. Bg2 0-0 9. Be3 c6 10. Qd2 Qa5 11. 0-0 Na6 12. Bh6 Nxe4 13. Nxe4 Qxd2 14. Bxd2 Bxf3 15. Bxf3 Bxd4 16. Bc3 Bb6 17. Rad1 f5 18. Ng5 Nc5 19. Bb4 Na4 20. Rd7 Bd8 21. Rxb7 Nxb2 22. Bxe7 Re8 23. Bxd8 Raxd8 24. Rxb2 c5 25. Rb7 c4 26. Rxh7 c3 27. Rc7 Rc8 28. Bd5+ 1-0

[Event "IECC Swiss email"]
[Site "IECC email"]
[Date "2001.11.11"]
[Round "?"]
[White "Gumminger, Fred"]
[Black "Collins, Eric"]
[Result "0-1"]
[WhiteElo "1055"]
[BlackElo "1369"]
[PlyCount "66"]
[EventDate "2001.??.??"]
[EventType "tourn (corr)"]
[EventRounds "6"]
[SourceTitle "Corr 2008"]
[Source "ChessBase"]
[SourceDate "2008.06.24"]
[SourceVersion "1"]
[SourceVersionDate "2008.06.24"]
[SourceQuality "1"]

1. e4 e5 2. Nf3 Nc6 3. Bb5 a6 4. Ba4 Nf6 5. 0-0 Be7 6. Re1 b5 7. Bb3 0-0 8. c3 d5 9. d3 dxe4 10. dxe4 Qxd1 11. Rxd1 Bg4 12. Nbd2 Rad8 13. Re1 Rd6 14. h3 Bh5 15. Nh2 Rfd8 16. Ndf3 h6 17. Nxe5 Nxe5 18. Bf4 Nfd7 19. g4 Bg6 20. Bc2 Rf6 21. Bg3 Rc6 22. Rad1 Nc4 23. Nf3 Nxb2 24. Rd2 Rxc3 25. Kg2 Nc4 26. Rd5 Rxc2 27. Bxc7 Ne3+ 28. Rxe3 Rxc7 29. Rdd3 Rc4 30. Nd2 Ra4 31. Rc3 Rxa2 32. Nb3 Bh4 33. Nd4 Bxf2 0-1

[Event "IECC CL7-2001.25"]
[Site "IECC email"]
[Date "2001.10.13"]
[Round "?"]
[White "Gumminger, Fred"]
[Black "Neatham, Graeme"]
[Result "1-0"]
[WhiteElo "1034"]
[BlackElo "1152"]
[PlyCount "67"]
[EventDate "2001.??.??"]
[EventType "tourn (corr)"]
[EventRounds "4"]
[SourceTitle "Corr 2008"]
[Source "ChessBase"]
[SourceDate "2008.06.24"]
[SourceVersion "1"]
[SourceVersionDate "2008.06.24"]
[SourceQuality "1"]

1. e4 d6 2. d4 Nf6 3. Nc3 g6 4. Bg5 c6 5. Qd2 Bg7 6. Nf3 0-0 7. Bd3 b5 8. 0-0-0 Be6 9. Ne2 a5 10. Bh6 Bxh6 11. Qxh6 Bxa2 12. e5 Ng4 13. Qh4 h5 14. b3 a4 15. b4 dxe5 16. h3 Nh6 17. Qg5 e4 18. Bxe4 Kg7 19. Ne5 Qd6 20. c3 Bd5 21. Bxd5 cxd5 22. Nf4 Kh7 23. Rhe1 Ra7 24. g4 hxg4 25. hxg4 Qf6 26. Qxf6 exf6 27. Nxd5 fxe5 28. Nf6+ Kg7 29. g5 Ng8 30. dxe5 a3 31. Rh1 Nxf6 32. gxf6+ Kg8 33. Kb1 Rc8 34. Rd3 1-0

[Event "IECC Swiss email"]
[Site "IECC email"]
[Date "2001.05.25"]
[Round "?"]
[White "Gumminger, Fred"]
[Black "Tan, Jacinto"]
[Result "1-0"]
[WhiteElo "1009"]
[BlackElo "1185"]
[PlyCount "75"]
[EventDate "2001.??.??"]
[EventType "tourn (corr)"]
[EventRounds "6"]
[SourceTitle "Corr 2008"]
[Source "ChessBase"]
[SourceDate "2008.06.24"]
[SourceVersion "1"]
[SourceVersionDate "2008.06.24"]
[SourceQuality "1"]

1. e4 e5 2. Nf3 Nc6 3. Bb5 a6 4. Bxc6 dxc6 5. 0-0 Bg4 6. h3 h5 7. d3 Bd6 8. Be3 Qf6 9. Nbd2 0-0-0 10. Qe1 Ne7 11. a3 Qg6 12. Nh4 Qe6 13. Kh2 f5 14. f3 f4 15. Bf2 g5 16. fxg4 gxh4 17. g5 Ng6 18. Nf3 Be7 19. Qa5 Qd6 20. b4 Rhf8 21. Rab1 Kd7 22. d4 Ke8 23. Rfd1 b6 24. Qxa6 Kf7 25. dxe5 Qe6 26. Qb7 Nxe5 27. Qxc7 Nxf3+ 28. gxf3 Kg6 29. Rg1 Rd2 30. Qxb6 Rfd8 31. b5 Rxc2 32. bxc6 Rxc6 33. Qa7 Rd7 34. Qb8 Bd6 35. Qa8 Rc2 36. Rg2 Rc3 37. Qh8 Rh7 38. Qxc3 1-0

[Event "IECC CL8-2001.08"]
[Site "IECC email"]
[Date "2001.04.23"]
[Round "?"]
[White "Marshall, Derek"]
[Black "Gumminger, Fred"]
[Result "0-1"]
[WhiteElo "781"]
[BlackElo "999"]
[PlyCount "60"]
[EventDate "2001.??.??"]
[EventType "tourn (corr)"]
[EventRounds "4"]
[SourceTitle "Corr 2008"]
[Source "ChessBase"]
[SourceDate "2008.06.24"]
[SourceVersion "1"]
[SourceVersionDate "2008.06.24"]
[SourceQuality "1"]

1. e4 c6 2. Nf3 d5 3. exd5 cxd5 4. Nc3 Nf6 5. d4 Bf5 6. Bb5+ Nc6 7. Ne5 e6 8. Nxc6 bxc6 9. Bxc6+ Nd7 10. Bxa8 Qxa8 11. Nb5 Qb7 12. Nc3 Bb4 13. a3 Ba5 14. Bd2 Nb6 15. b4 Bxb4 16. axb4 0-0 17. Qf3 Nc4 18. Bf4 Bxc2 19. Ke2 Qxb4 20. Rhc1 Qb2 21. Nxd5 Be4+ 22. Kd1 Bxf3+ 23. gxf3 exd5 24. Rxa7 Qxd4+ 25. Ke2 Qxa7 26. Kf1 h6 27. h4 Re8 28. h5 Qa2 29. Rd1 Qe2+ 30. Kg2 Qxd1 0-1

[Event "IECC CL8-2001.01"]
[Site "IECC email"]
[Date "2001.02.23"]
[Round "?"]
[White "Duncan, Warren L"]
[Black "Gumminger, Fred"]
[Result "1-0"]
[WhiteElo "1013"]
[BlackElo "981"]
[PlyCount "57"]
[EventDate "2001.??.??"]
[EventType "tourn (corr)"]
[EventRounds "4"]
[SourceTitle "Corr 2008"]
[Source "ChessBase"]
[SourceDate "2008.06.24"]
[SourceVersion "1"]
[SourceVersionDate "2008.06.24"]
[SourceQuality "1"]

1. d4 Nf6 2. c4 g6 3. Nc3 d5 4. Bf4 a6 5. e3 Bg7 6. Nf3 Bg4 7. h3 Bxf3 8. Qxf3 0-0 9. cxd5 c6 10. dxc6 Nxc6 11. Bc4 Qb6 12. Rb1 Nxd4 13. exd4 Qxd4 14. Bb3 Rad8 15. 0-0 Nh5 16. Be3 Qd7 17. Bb6 Rc8 18. Rbd1 Qc6 19. Qxc6 bxc6 20. Rd7 e6 21. Ra7 Rb8 22. Rxa6 Nf4 23. Bc7 Nxh3+ 24. gxh3 Rb7 25. Bg3 c5 26. Rc6 Bd4 27. Bd6 f5 28. Bxe6+ Kh8 29. Bxf8 1-0

[Event "IECC CL8-2001.01"]
[Site "IECC email"]
[Date "2001.02.23"]
[Round "?"]
[White "Gumminger, Fred"]
[Black "Soule, Larry P"]
[Result "0-1"]
[WhiteElo "967"]
[BlackElo "952"]
[PlyCount "100"]
[EventDate "2001.??.??"]
[EventType "tourn (corr)"]
[EventRounds "4"]
[SourceTitle "Corr 2008"]
[Source "ChessBase"]
[SourceDate "2008.06.24"]
[SourceVersion "1"]
[SourceVersionDate "2008.06.24"]
[SourceQuality "1"]

1. d4 d5 2. c4 e6 3. Nc3 c5 4. e3 Nf6 5. Nf3 a6 6. a4 Nc6 7. cxd5 Nxd5 8. Bd3 Qa5 9. 0-0 Nxc3 10. bxc3 c4 11. Bc2 Bd6 12. e4 0-0 13. e5 Be7 14. Bg5 f6 15. exf6 Bxf6 16. Bxf6 Rxf6 17. Bxh7+ Kxh7 18. Ng5+ Kg8 19. Qh5 Qf5 20. Rae1 Qg6 21. Qg4 e5 22. Qh4 exd4 23. Re8+ Qxe8 24. Qh7+ Kf8 25. Qh8+ Ke7 26. Re1+ Be6 27. Qxg7+ Kd8 28. Qxf6+ Qe7 29. Nxe6+ Kc8 30. Qh8+ Nd8 31. Qh3 Qd7 32. cxd4 Nxe6 33. Qxe6 Qxe6 34. Rxe6 Kd7 35. Re1 Kd6 36. Re5 Rc8 37. Rc5 Rxc5 38. dxc5+ Kxc5 39. Kf1 Kd4 40. Ke1 Kc3 41. h4 Kb2 42. h5 c3 43. h6 c2 44. h7 c1Q+ 45. Ke2 Qc2+ 46. Kf3 Qxh7 47. g3 Kc3 48. Kg2 Kd3 49. g4 Qe4+ 50. f3 Qf4 0-1

[Event "IECC Swiss email"]
[Site "IECC email"]
[Date "2000.07.18"]
[Round "?"]
[White "Pierce, Wayne"]
[Black "Gumminger, Fred"]
[Result "1-0"]
[WhiteElo "1420"]
[BlackElo "962"]
[PlyCount "21"]
[EventDate "2000.??.??"]
[EventType "tourn (corr)"]
[EventRounds "6"]
[SourceTitle "Corr 2008"]
[Source "ChessBase"]
[SourceDate "2008.06.24"]
[SourceVersion "1"]
[SourceVersionDate "2008.06.24"]
[SourceQuality "1"]

1. d4 Nf6 2. c4 d5 3. Nc3 g6 4. cxd5 Nxd5 5. e4 Nb4 6. Qa4+ N4c6 7. d5 Bg7 8. dxc6 Nxc6 9. Bb5 Qd4 10. Bxc6+ Bd7 11. Qxd4 1-0

[Event "IECC KO email"]
[Site "IECC email"]
[Date "2000.06.12"]
[Round "?"]
[White "Gumminger, Fred"]
[Black "Smith, Sid S"]
[Result "1-0"]
[WhiteElo "972"]
[BlackElo "975"]
[PlyCount "53"]
[EventDate "2000.??.??"]
[EventType "tourn (corr)"]
[EventRounds "6"]
[SourceTitle "Corr 2008"]
[Source "ChessBase"]
[SourceDate "2008.06.24"]
[SourceVersion "1"]
[SourceVersionDate "2008.06.24"]
[SourceQuality "1"]

1. d4 Nf6 2. c4 g6 3. Nc3 d5 4. cxd5 Nxd5 5. e4 Nb4 6. Bc4 e6 7. Nf3 Bg7 8. Bg5 f6 9. Bh4 N8c6 10. d5 exd5 11. exd5 Qe7+ 12. Ne2 Ne5 13. Nxe5 Qxe5 14. Qa4+ Bd7 15. Qxb4 0-0-0 16. Bg3 Qe4 17. f3 Qe3 18. Bf2 Qg5 19. 0-0 Bh3 20. Bg3 Qe3+ 21. Rf2 Bf8 22. d6 Bxd6 23. Bxd6 Qg5 24. Bxc7 Rd7 25. Bg3 Bf5 26. Qc5+ Rc7 27. Bxc7 1-0

[Event "IECC M email"]
[Site "IECC email"]
[Date "2000.06.04"]
[Round "?"]
[White "Cunningham, Don"]
[Black "Gumminger, Fred"]
[Result "0-1"]
[WhiteElo "913"]
[BlackElo "988"]
[PlyCount "56"]
[EventDate "2000.??.??"]
[EventType "tourn (corr)"]
[EventRounds "2"]
[SourceTitle "Corr 2008"]
[Source "ChessBase"]
[SourceDate "2008.06.24"]
[SourceVersion "1"]
[SourceVersionDate "2008.06.24"]
[SourceQuality "1"]

1. e4 c6 2. d4 d5 3. e5 e6 4. Nf3 Bb4+ 5. c3 Ba5 6. b4 Bb6 7. Bd3 Na6 8. 0-0 Ne7 9. b5 cxb5 10. Bxb5+ Bd7 11. Bxa6 bxa6 12. Nbd2 0-0 13. Ng5 Rc8 14. Ndf3 Rxc3 15. Bb2 Rc4 16. Qd3 Nf5 17. Rac1 Bb5 18. g4 Rxc1 19. Qd2 Rxf1+ 20. Kg2 Qe7 21. gxf5 exf5 22. Ne1 Ba5 23. Qe3 Bxe1 24. Ba3 Rxf2+ 25. Kg1 f4 26. Bxe7 fxe3 27. Bxf8 Rf5 28. Nxh7 Bf2+ 0-1

[Event "IECC Swiss email"]
[Site "IECC email"]
[Date "2000.03.11"]
[Round "?"]
[White "Rozanski, Robert"]
[Black "Gumminger, Fred"]
[Result "1-0"]
[WhiteElo "1379"]
[BlackElo "988"]
[PlyCount "49"]
[EventDate "2000.??.??"]
[EventType "tourn (corr)"]
[EventRounds "6"]
[SourceTitle "Corr 2008"]
[Source "ChessBase"]
[SourceDate "2008.06.24"]
[SourceVersion "1"]
[SourceVersionDate "2008.06.24"]
[SourceQuality "1"]

1. e4 e5 2. f4 exf4 3. Bc4 Qh4+ 4. Kf1 d5 5. Bxd5 Nf6 6. Nf3 Qh6 7. Nc3 c6 8. Bb3 Na6 9. Ne5 Be6 10. d4 0-0-0 11. Bxe6+ fxe6 12. Nf7 Qg6 13. Nxh8 Qe8 14. e5 Bb4 15. exf6 Qxh8 16. Qg4 gxf6 17. Qxe6+ Kb8 18. Bxf4+ Nc7 19. Ne4 Rxd4 20. c3 Bxc3 21. bxc3 Ka8 22. Bxc7 Rd3 23. Ke2 Rd5 24. Nxf6 a6 25. Nxd5 1-0

[Event "IECC CL7-2000.18"]
[Site "IECC email"]
[Date "2000.03.01"]
[Round "?"]
[White "Hargreaves, John Richard"]
[Black "Gumminger, Fred"]
[Result "0-1"]
[WhiteElo "1122"]
[BlackElo "954"]
[PlyCount "50"]
[EventDate "2000.??.??"]
[EventType "tourn (corr)"]
[EventRounds "4"]
[SourceTitle "Corr 2008"]
[Source "ChessBase"]
[SourceDate "2008.06.24"]
[SourceVersion "1"]
[SourceVersionDate "2008.06.24"]
[SourceQuality "1"]

1. e4 c6 2. Nf3 d5 3. exd5 cxd5 4. d4 Bg4 5. Bb5+ Nc6 6. 0-0 e6 7. h3 h5 8. hxg4 hxg4 9. Nh2 Qh4 10. Bf4 Nf6 11. Bxc6+ bxc6 12. Qd3 Ne4 13. Nd2 Bd6 14. Bxd6 Nxd6 15. Qg3 Qxg3 16. fxg3 Nf5 17. Nxg4 Nxg3 18. Rfe1 Rb8 19. Kf2 Nf5 20. Nb3 Nd6 21. Ne5 Rb6 22. Rh1 Ne4+ 23. Ke3 Rg8 24. Rh7 Ng3 25. Rh5 Nxh5 0-1

[Event "IECC KO email"]
[Site "IECC email"]
[Date "2000.02.16"]
[Round "?"]
[White "Hofmann, Andreas"]
[Black "Gumminger, Fred"]
[Result "1-0"]
[WhiteElo "1146"]
[BlackElo "997"]
[PlyCount "93"]
[EventDate "2000.??.??"]
[EventType "tourn (corr)"]
[EventRounds "6"]
[SourceTitle "Corr 2008"]
[Source "ChessBase"]
[SourceDate "2008.06.24"]
[SourceVersion "1"]
[SourceVersionDate "2008.06.24"]
[SourceQuality "1"]

1. d4 d5 2. e3 c5 3. c4 Nc6 4. cxd5 Qxd5 5. Nc3 Qd6 6. Ne4 Qd5 7. Nxc5 e5 8. Qb3 Nf6 9. Qxd5 Nxd5 10. Bb5 g6 11. Bd2 Bg4 12. f3 Be6 13. Nxe6 fxe6 14. Bxc6+ bxc6 15. dxe5 Bh6 16. f4 0-0 17. Ne2 a5 18. 0-0 g5 19. g3 a4 20. Nd4 Rab8 21. Rab1 c5 22. Nxe6 Rf7 23. Nxc5 Ra7 24. e4 Nb4 25. fxg5 Bf8 26. Bxb4 Rxb4 27. Ne6 Be7 28. h4 Rxe4 29. Rbe1 Rb4 30. Re2 Ra6 31. Nf4 Rab6 32. Rb1 Rc6 33. e6 Rb5 34. Kg2 Bd6 35. e7 Bxe7 36. Rxe7 Rc2+ 37. Re2 Rxe2+ 38. Nxe2 Kg7 39. b4 Re5 40. Nc3 a3 41. Rb3 Re3 42. b5 Rd3 43. Rxa3 Rd2+ 44. Kh3 Kg6 45. b6 Rb2 46. Rb3 Rd2 47. b7 1-0